Recuperación de pesquerías: análisis de experiencias comparadas
-д хадгалсан:
| Үндсэн зохиолчид: | , , |
|---|---|
| Формат: | Ном |
| Хэл сонгох: | испани |
| Хэвлэсэн: |
Valparaíso
Ediciones Universitarias de Valparaíso
2015
|
| Хэвлэл: | 1a. ed |
| Нөхцлүүд: | |
| Шошгууд: |
Шошго нэмэх
Шошго байхгүй, Энэхүү баримтыг шошголох эхний хүн болох!
|
MARC
| LEADER | 00000cam a2200000 a 4500 | ||
|---|---|---|---|
| 001 | UCE8507 | ||
| 003 | CL-VaPUC | ||
| 008 | 150806e20150000cl |||||||||||||||||spa|d | ||
| 020 | |a 9789561706361 | ||
| 082 | 0 | 4 | |a 341.7622 |b URR |2 21 |
| 100 | 0 | |a Urrutia Silva, Osvaldo |e author |9 581204 | |
| 700 | 0 | |a Parra Cortés, Rocío |e author |9 581205 | |
| 700 | |a Bermúdez Soto, Jorge Andrés |e author |9 590077 | ||
| 245 | 1 | 0 | |a Recuperación de pesquerías: análisis de experiencias comparadas |
| 250 | |a 1a. ed | ||
| 300 | |a 153 p | ||
| 942 | |c BK | ||
| 945 | |d 20150806 12:27:00 |a gsalatino | ||
| 260 | |a Valparaíso |b Ediciones Universitarias de Valparaíso |c 2015 | ||
| 650 | 7 | |a PESQUERIAS |2 CL-VaPUC |9 581207 | |
| 650 | 0 | |a Industria pesquera |9 255432 | |
| 650 | 7 | |a INDUSTRIA PESQUERA LEGISLACION |2 CL-VaPUC |9 581208 | |
| 650 | 7 | |a DESARROLLO |2 CL-VaPUC |9 258144 | |
| 583 | |a last modification |c 20151117 12:53:37 |k Rodrigo Vera | ||
| 999 | |c 360347 |d 360345 | ||
| 952 | |0 0 |1 0 |3 erb |4 0 |6 341_762200000000000_URR_2015 |7 0 |8 A |9 470076 |a BIBDER |b BIBDER |i 519329K |o 341.7622 URR 2015 |p 519329K |r 2023-01-25 |w 2019-11-23 |y BK |z Catalogado en:20150806 |k DER | ||
| 952 | |0 0 |1 0 |3 erb |4 0 |6 341_762200000000000_URR_2015 |7 0 |8 A |9 470077 |a BIBDER |b BIBDER |i 5193281 |l 5 |o 341.7622 URR 2015 |p 5193281 |r 2023-01-25 |s 2022-08-26 |w 2019-11-23 |y BK |z Catalogado en:20150806 |k DER | ||
| 952 | |0 0 |1 0 |2 ddc |3 erb |4 0 |6 341_762200000000000_URR_2015 |7 1 |8 C_LRYV |9 470078 |a BIBDER |b BIBDER |i 5193397 |o 341.7622 URR 2015 |p 5193397 |r 2023-01-25 |w 2019-11-23 |y BK_X |z Catalogado en:20150806 |k BRV | ||
| 952 | |0 0 |1 0 |3 erb |4 0 |6 341_762200000000000_URR_2015 |7 0 |8 CCM |9 470079 |a BIBCUR |b BIBCUR |i 5250722 |o 341.7622 URR 2015 |p 5250722 |r 2025-04-22 |w 2019-11-23 |y BK |z Catalogado en:20151120 |k CIM | ||
| 952 | |0 0 |1 0 |3 erb |4 0 |6 341_762200000000000_URR_2015 |7 0 |8 CCM |9 470080 |a BIBCUR |b BIBCUR |i 5250730 |o 341.7622 URR 2015 |p 5250730 |r 2025-04-22 |w 2019-11-23 |y BK |z Catalogado en:20151120 |k CIM | ||
| 952 | |0 0 |1 0 |3 erb |4 0 |6 341_762200000000000_URR_2015 |7 0 |8 CCM |9 470081 |a BIBCUR |b BIBCUR |i 5263964 |o 341.7622 URR 2015 |p 5263964 |r 2025-04-22 |w 2019-11-23 |y BK |z Catalogado en:20160121 |k RNT | ||
| 952 | |0 0 |1 0 |3 erb |4 0 |6 341_762200000000000_URR_2015 |7 0 |8 X |9 470082 |a FDOBUD |b FDOBUD |i 5303095 |o 341.7622 URR 2015 |p 5303095 |r 2019-11-23 |w 2019-11-23 |y BK_X |z Catalogado en:20160505 |k FHP | ||